00477pab a2200169 454500008004000000100003400040245008000074260000900154300001300163362001000176650001900186650001000205650001300215650002700228650001800255773003400273180718b2007 xxu||||| |||| 00| 0 eng d aKapadia-Kunda, Nandita et al. aWhose mistake? Gender roles and physical violence among young married women c2007 ap.71-78. a3 Nov aWomens studies aYouth aViolence aWomen - Crimes against aMarried women aEconomic and Political Weekly